مكتبة جامعة عجلون الوطنية

فهرس بحث المكتبة

Normal view MARC view
  • اللغات-اللغة العربية-تعليم

Entry Topical Term

Number of records used in: 1

001 - CONTROL NUMBER

  • control field: 24510

003 - CONTROL NUMBER IDENTIFIER

  • control field: JO-AjAnu

005 - DATE AND TIME OF LATEST TRANSACTION

  • control field: 20230606074212.0

008 - FIXED-LENGTH DATA ELEMENTS

  • fixed length control field: 230606|| aca||aabn | a|a d

040 ## - CATALOGING SOURCE

  • Original cataloging agency: JO-AjAnu
  • Transcribing agency: JO-AjAnu

150 ## - HEADING--TOPICAL TERM

  • Topical term or geographic name entry element: اللغات-اللغة العربية-تعليم

670 ## - SOURCE DATA FOUND

  • Source citation: Work cat.: (JO-AjAnu)12605: علّوش، جميل , author 24509, دروس في علوم العربية: فقة لغة،صرف،نحو،إعراب،إملاء،معاجم،نقد أدبي،أساليب تدريس